All 2021 ATP Tournament Finals - Statistics

General Stats
  • This quiz has been taken 123 times
    66 since last reset
  • The average score is 79 of 122
Answer Stats
Tournament Category Finalists % Correct
Australian Open Grand Slam W Novak Djokovic
100%
Roland Garros Grand Slam W Novak Djokovic
100%
Wimbledon Grand Slam W Novak Djokovic
100%
F Novak Djokovic
100%
F Novak Djokovic
100%
Paris Masters 1000 W Novak Djokovic
100%
Belgrade 2 ATP 250 W Novak Djokovic
100%
F Daniil Medvedev
98%
US Open Grand Slam W Daniil Medvedev
98%
Toronto Masters 1000 W Daniil Medvedev
98%
F Daniil Medvedev
98%
F Daniil Medvedev
98%
Marseille ATP 250 W Daniil Medvedev
98%
Mallorca ATP 250 W Daniil Medvedev
98%
Rome Masters 1000 W Rafael Nadal
98%
Barcelona ATP 500 W Rafael Nadal
98%
Madrid Masters 1000 W Alexander Zverev
96%
Cincinnati Masters 1000 W Alexander Zverev
96%
Turin ATP Finals W Alexander Zverev
96%
Acapulco ATP 500 W Alexander Zverev
96%
Vienna ATP 500 W Alexander Zverev
96%
F Jannik Sinner
96%
Washington ATP 500 W Jannik Sinner
96%
Melbourne 1 ATP 250 W Jannik Sinner
96%
Sofia ATP 250 W Jannik Sinner
96%
Antwerp ATP 250 W Jannik Sinner
96%
Umag ATP 250 W Carlos Alcaraz
94%
F Stefanos Tsitsipas
94%
Monte Carlo Masters 1000 W Stefanos Tsitsipas
94%
F Stefanos Tsitsipas
94%
F Stefanos Tsitsipas
94%
Lyon ATP 250 W Stefanos Tsitsipas
94%
F Andrey Rublev
88%
F Andrey Rublev
88%
Rotterdam ATP 500 W Andrey Rublev
88%
F Andrey Rublev
88%
F Taylor Fritz
86%
Geneva ATP 250 W Casper Ruud
84%
Bastad ATP 250 W Casper Ruud
84%
Gstaad ATP 250 W Casper Ruud
84%
Kitzbühel ATP 250 W Casper Ruud
84%
San Diego ATP 250 W Casper Ruud
84%
F Matteo Berrettini
84%
F Matteo Berrettini
84%
Queens ATP 500 W Matteo Berrettini
84%
Belgrade 1 ATP 250 W Matteo Berrettini
84%
Miami Masters 1000 W Hubert Hurkacz
82%
Delray Beach ATP 250 W Hubert Hurkacz
82%
Metz ATP 250 W Hubert Hurkacz
82%
Indian Wells Masters 1000 W Cameron Norrie
75%
F Cameron Norrie
75%
F Cameron Norrie
75%
F Cameron Norrie
75%
Los Cabos ATP 250 W Cameron Norrie
75%
F Cameron Norrie
75%
F Gaël Monfils
75%
Halle ATP 500 W Ugo Humbert
73%
F Frances Tiafoe
71%
Stockholm ATP 250 W Tommy Paul
69%
Atlanta ATP 250 W John Isner
67%
F Alexander Bublik
65%
F Alexander Bublik
65%
Antalya ATP 250 W Alex de Minaur
65%
Eastbourne ATP 250 W Alex de Minaur
65%
F Félix Auger-Aliassime
65%
F Félix Auger-Aliassime
65%
F Reilly Opelka
63%
F Roberto Bautista Agut
59%
F Roberto Bautista Agut
59%
Dubai ATP 500 W Aslan Karatsev
57%
F Aslan Karatsev
57%
Moscow ATP 250 W Aslan Karatsev
57%
Hamburg ATP 500 W Pablo Carreño Busta
57%
Marbella ATP 250 W Pablo Carreño Busta
57%
F Pablo Carreño Busta
57%
F Richard Gasquet
57%
F Denis Shapovalov
55%
F Denis Shapovalov
55%
Cagliari ATP 250 W Lorenzo Sonego
55%
F Lorenzo Sonego
55%
Stuttgart ATP 250 W Marin Čilić
55%
F Marin Čilić
55%
St. Petersburg ATP 250 W Marin Čilić
55%
F Sebastian Korda
53%
Parma ATP 250 W Sebastian Korda
53%
Buenos Aires ATP 250 W Diego Schwartzman
47%
F Diego Schwartzman
47%
F Francisco Cerúndolo
47%
F Jan-Lennard Struff
47%
Córdoba ATP 250 W Juan Manuel Cerúndolo
47%
Montpellier ATP 250 W David Goffin
45%
Santiago ATP 250 W Cristian Garín
43%
F Laslo Djere
43%
F Nikoloz Basilashvili
43%
Doha ATP 250 W Nikoloz Basilashvili
43%
Munich ATP 250 W Nikoloz Basilashvili
43%
Melbourne 2 ATP 250 W Daniel Evans
41%
Singapore ATP 250 W Alexei Popyrin
37%
Newport ATP 250 W Kevin Anderson
35%
F Filip Krajinović
31%
F Lloyd Harris
31%
F Albert Ramos-Viñolas
29%
Estoril ATP 250 W Albert Ramos-Viñolas
29%
F Jaume Munar
27%
F Mackenzie McDonald
27%
F Pedro Martínez
27%
F Alex Molčan
25%
F Federico Coria
25%
F Brandon Nakashima
24%
F Brandon Nakashima
24%
F Hugo Gaston
24%
F Mikael Ymer
24%
F Sam Querrey
22%
F Márton Fucsovics
20%
F Stefano Travaglia
20%
F Facundo Bagnis
18%
F Pierre-Hugues Herbert
18%
Nur-Sultan ATP 250 W Soonwoo Kwon
18%
Winston-Salem ATP 250 W Ilya Ivashka
16%
F Jenson Brooksby
16%
F Marco Cecchinato
16%
F James Duckworth
10%
No matching quizzes found
Score Distribution
Percent of People with Each Score
Percentile by Number Answered
Your Score History
You have not taken this quiz since the last reset